000 01429nam0a2200373 4500
001 RU\NLR\bibl\127859
005 20250617103648.0
010 _a5-7632-0742-4
_98000
020 _aRU
_b98-32929
_9Книжная летопись
021 _aRU
_b98-24258
_91152
035 _a(NLR Aleph) 000125260
090 _a714266
_c714266
100 _a20000410d1998 |||y0rusy50 ca
101 1 _arus
_ceng
102 _aRU
105 _aa |||||||||
200 1 _aЧерная Роза
_eРоман
_fТомас Костейн
_g[Пер. с англ. О. Юмашевой
_gКоммент. Н. Лынской
_gХудож. Г. Шуршин]
210 _aМ.
_cАрмада
_d1998
215 _a472,[2] с.
_cил.
_d21
225 1 _aВсемирная история
225 1 _aЛюбовь и войны средневековья
300 _aЗагл. корешка : Любовь и войны средневековья, XIII в.
610 0 _aАнглия, 13 в. (х. л.)
610 0 _aПриключенческие романы и рассказы (х. л.)
675 _a820(73)-31Костейн
_v3
_zrus
686 _a17
_2rugasnti
686 _a84(7Кан)
_2rubbk
700 1 _aКостейн
_bТ. Б.
_f1885-1965
_gТомас Бертран
_4070
801 0 _aRU
_bRKP
_c20000410
_gPSBO
801 1 _aRU
_bRKP
_c20000410
801 2 _aRU
_bNLR
_c20010320
_grcr
852 _aNLR
_j98-3/6963
942 _cBOOK
980 _aNB